How to be a team leader (Record no. 103883)

MARC details
000 -LEADER
fixed length control field 01041cam a2200253 4500
001 - CONTROL NUMBER
control field 8150
008 - FIXED-LENGTH DATA ELEMENTS--GENERAL INFORMATION
fixed length control field 041210n2004 000 0 eng u
020 ## - INTERNATIONAL STANDARD BOOK NUMBER
International Standard Book Number 060060960X
035 ## - SYSTEM CONTROL NUMBER
System control number (Sirsi) u128271
041 ## - LANGUAGE CODE
Language code of text/sound track or separate title eng
050 ## - LIBRARY OF CONGRESS CALL NUMBER
Classification number 658.4
-- 18
100 ## - MAIN ENTRY--PERSONAL NAME
Personal name Simmonds, David
245 ## - TITLE STATEMENT
Title How to be a team leader
Remainder of title the simple way to build and manage an effective team
260 ## - PUBLICATION, DISTRIBUTION, ETC.
Place of publication, distribution, etc. London
Name of publisher, distributor, etc. Hamlyn
Date of publication, distribution, etc. 2004
300 ## - PHYSICAL DESCRIPTION
Extent 128p.
Dimensions 23cm.
350 ## - PRICE (NR) (BK AM CF MU VM SE) [OBSOLETE]
Price 9.99
520 ## - SUMMARY, ETC.
Summary, etc. This practical guide shows team leaders how to manage their responsibilities and create a winning team. Part one focuses on the team itself, including how to build relationships, trust, commitment and success. Part two discusses how to lead a team, including empowering, boosting and supporting the team, facilitating learning and positive thinking. Includes team working and leadership exercises.
650 ## - SUBJECT ADDED ENTRY--TOPICAL TERM
Topical term or geographic name entry element TEAM BUILDING
650 ## - SUBJECT ADDED ENTRY--TOPICAL TERM
Topical term or geographic name entry element PEOPLE MANAGEMENT
650 ## - SUBJECT ADDED ENTRY--TOPICAL TERM
Topical term or geographic name entry element TEAM WORK
650 ## - SUBJECT ADDED ENTRY--TOPICAL TERM
Topical term or geographic name entry element LEADERSHIP
690 ## - LOCAL SUBJECT ADDED ENTRY--TOPICAL TERM (OCLC, RLIN)
Topical term or geographic name as entry element MANAGEMENT-BUSINESS MANAGEMENT
942 ## - ADDED ENTRY ELEMENTS (KOHA)
Suppress in OPAC 0
Holdings
Withdrawn status Lost status Source of classification or shelving scheme Damaged status Not for loan Home library Current library Shelving location Date acquired Cost, normal purchase price Total Checkouts Full call number Barcode Date last seen Date last checked out Copy number Cost, replacement price Price effective from Koha item type
    Dewey Decimal Classification     London London Books 31/01/2005 8.49 29 658.4 SIM 30067456 06/08/2019 12/11/2009 1 8.49 06/08/2019 Book